Verejná správa a tretí sektor v podmienkach Slovenskej republiky
Pojem tretí sektor. Postavenie tretieho sektora v spoločnosti. Právne formy organizácií tretieho sektora. Perspektívy tretieho sektora.
Salvato in:
| Autore principale: | |
|---|---|
| Natura: | Capitolo di libro |
| Lingua: | slovacco |
| Soggetti: | |
| Tags: |
Nessun Tag, puoi essere il primo ad aggiungerne!!
|
MARC
| LEADER | 00000naa$a2200000$$$4500 | ||
|---|---|---|---|
| 001 | 0005946 | ||
| 005 | 20240502071350.7 | ||
| 041 | 0 | |a slo | |
| 044 | |a SK | ||
| 245 | 1 | 0 | |a Verejná správa a tretí sektor v podmienkach Slovenskej republiky |c aut. František Kosorín |
| 520 | |a Pojem tretí sektor. Postavenie tretieho sektora v spoločnosti. Právne formy organizácií tretieho sektora. Perspektívy tretieho sektora. | ||
| 610 | 2 | 0 | |a sektor terciárny |
| 610 | 2 | 0 | |a sektor verejný |
| 610 | 2 | 0 | |a organizácie neziskové |
| 610 | 2 | 0 | |a organizácie nefinančné |
| 610 | 2 | 0 | |a správa verejná |
| 610 | 2 | 0 | |a nadácie |
| 610 | 2 | 0 | |a Slovensko |
| 100 | 1 | |a Kosorín, František | |